| 000 | 00485nam a2200181Ia 4500 | ||
|---|---|---|---|
| 003 | GCL | ||
| 008 | 140319s9999 xx 000 0 ara d | ||
| 040 |
_aGCL / _cGCL |
||
| 082 | 0 | 4 |
_aق _b346.02 _bع ح |
| 100 | 1 | _aعثمان فهمى | |
| 245 | 1 | 0 |
_aالحكر فى مصر / _cعثمان فهمى |
| 260 |
_a[S.N] : _bد. ن |
||
| 300 |
_a193 ص ؛ _c22 سم |
||
| 650 | 0 | 4 | _aالقانون المدنى |
| 650 | 0 | 4 | _aالعقود |
| 650 | 0 | 4 | _aعقد الحكر |
| 942 |
_2ddc _cBK |
||
| 999 |
_c43266 _d43266 |
||